00781nam a2200205 a 450000100100000000500170001000800410002702000180006804000250008608200160011110000420012724501090016926000450027830000280032350400280035159000260037970000390040595201140044499900170055800004858220201002061244.0190401s2015 dr a r 000 0 spa d a9789945471908 aDO-SdBNPbspacBNPHU axxxxbP579P1 aPiña Cámpora, Tony,d1945-97603110aPedro el grande :bcronología de una carrera ejemplar /cTony Piña Cámpora ; prólogo Héctor J. aSanto Domingo :bAmigo del hogar,c2015. a234 p. :bil. ;c23 cm. aBibliografía : p. 235 aInventariado, 2019/BT1 aCruz, Héctor J.,epról.945957 0010718PDaPDbPDcHDd2019-04-01iLF1l0oxxxx P579Pp48582-10r2020-06-25w2020-06-25yLFPDZNo se presta c48070d48070